| 000 | 00422 a2200145 4500 | ||
|---|---|---|---|
| 020 | _a0751532282 | ||
| 040 |
_aDLC _bDLC |
||
| 082 | _a823.914 | ||
| 100 | 1 | _aBeauman, Sally. | |
| 245 | 1 | 0 |
_aRebecca's tale _cSally Beauman. |
| 260 |
_aLondon : _bTime Warner Paperbacks, _cc2002. |
||
| 300 | _a627 p. | ||
| 500 | _a'Passionate, vivid, elusive ... as compelling as the original' - Joanna Trollope. | ||
| 942 |
_cBK _k823.914 BEA _2ddc |
||
| 999 |
_c5035 _d5035 |
||